000 00539nam a2200229Ia 4500
003 OSt
005 20220924152548.0
006 a|||||r|||| 00| 0
007 ta
008 220923b |||||||| |||| 00| 0 mar d
024 _a343113
037 _cTextual
040 _aARTS
_cARTS
_bmar
041 _2mar
_amar
082 _aV2:73.M5, 155F8
100 _aKhare
245 0 _aMandalatilnani
260 _c1928
650 _aHISTORY
942 _hV2:73.M5, 155F8
_cTEXL
_2CC
999 _c470242
_d470242